Nutriçao mineral de algumas especies ornamentais /

Guardado en:
Autor Principal: Haag, Henrique Paulo.
Otros Autores: Keigo, Minami., Lima, Ana Maria Liner Pereira.
Formato: Libro
Idioma:Portuguese
Publicado: Campinas : Fundação Cargill, 1989.
Etiquetas: Agregar Etiqueta
Sin Etiquetas, Sea el primero en etiquetar este registro!
LEADER 00574nam a22001575a 4500
001 EEA.libagro004348
005 20181128120707.0
008 130809s1989####bl#a##########000#0#por#d
082 0 4 |a 635.918 
100 1 |a Haag, Henrique Paulo. 
245 1 0 |a Nutriçao mineral de algumas especies ornamentais /  |c Henrique Paulo Haag, Minami Keigo, Ana Maria Liner Pereira Lima. 
260 |a Campinas :  |b Fundação Cargill,  |c 1989. 
300 |a 288 p. :  |b il. ;  |c 21 cm. 
700 1 |a Keigo, Minami. 
700 1 |a Lima, Ana Maria Liner Pereira. 
859 |a AR-BbBCA  |b BIB. AGRONOMIA  |h 635.918  |i H111  |p 1990/1591